banner-ar

فلسفة القرن العشرين: مجموعة مقالات فى المذاهب الفلسفية المعاصرة / (Record no. 45367)

MARC details
000 -الفاتح
حقل البيانات ثابتة الطول 00775nam a2200217Ia 4500
008 - عناصر البيانات ثابتة الطول - معلومات عامة
حقل البيانات ثابتة الطول 140319s9999 xx 000 0 ara d
040 ## - مصدر الفهرسة
وكالة الفهرسة الأصلية GCL /
وكالة النسخ GCL
082 04 - رقم تصنيف ديوى العشرى
رقم التصنيف 190
رقم المادة ر ف
100 1# - المدخل الرئيسى - إسم شخصى
الإسم الشخصى زكى نجيب محمود
245 10 - بيان العنوان
العنوان فلسفة القرن العشرين: مجموعة مقالات فى المذاهب الفلسفية المعاصرة /
بيان المسئوليه,etc زكى نجيب محمود
700 1# - المدخل الاضافى - اسم شخصى
الإسم الشخصى رونز ، د . داجوبرت
700 1# - المدخل الاضافى - اسم شخصى
الإسم الشخصى عثمان نويه
260 ## - PUBLICATION, DISTRIBUTION, ETC. (IMPRINT)
تاريخ النشر أو التوزيع 1963
300 ## - الوصف المادى
التعداد 360 ص ؛
أبعاد الوعاء 24 سم
490 ## - بيان السلسلة
عنوان السلسلة الالف كتاب
رقم المجلد/ التعيين التسلسلي 464
650 04 - المدخل الاضافى بالموضوع-مصطلح موضوعى
مصطلح موضوعي الفلسفة
650 04 - المدخل الاضافى بالموضوع-مصطلح موضوعى
مصطلح موضوعي الفلسفة الحديثة
650 04 - المدخل الاضافى بالموضوع-مصطلح موضوعى
مصطلح موضوعي الفلسفة الغربية الحديثة
942 ## - عناصر المدخل الإضافي( كوها)
مصدر التصنيف او مخطط الترفيف Dewey Decimal Classification
Koha [default] item type كتاب
260 ## - PUBLICATION, DISTRIBUTION, ETC. (IMPRINT)
-- [S.N] :
-- مؤسسة سجل العرب ،
Holdings
حالة التراجع حالة الفقد حالة تلف ليس للاعارة المكان المؤقت الموقع الحالى تاريخ الاكتساب اجمالي اﻻعارات رقم الطلب الباركود تاريخ اخر مشاهدة تاريخ تفعيل السعر نوع وعاء كوها
        مكتبة القاهرة الكبرى مكتبة القاهرة الكبرى 03/26/2014   190\ر ف 110643 03/26/2014 03/26/2014 كتاب
        مكتبة القاهرة الكبرى مكتبة القاهرة الكبرى 03/26/2014   190\ر ف 110644 03/26/2014 03/26/2014 كتاب

Powered By

EGPV